[Event "Moscow-ch (Women)"]
[Site "Moscow"]
[Date "2009.03.29"]
[Round "7"]
[White "Kalmykova, Anastasia"]
[Black "Khropova, Larisa"]
[Result "0-1"]
[WhiteElo "2100"]
[BlackElo "2060"]
[PlyCount "152"]
[EventDate "2009.03.23"]
[EventType "swiss"]
[EventRounds "9"]
[EventCountry "RUS"]
[SourceTitle "EXT 2010"]
[Source "ChessBase"]
[SourceDate "2010.11.25"]
[SourceVersion "1"]
[SourceVersionDate "2010.11.25"]
[SourceQuality "1"]

1. d4 Nf6 2. Nf3 d5 3. c4 e6 4. Nc3 c6 5. Bg5 Be7 6. e3 Nbd7 7. Qc2 h6 8. Bh4 0-0 9. Bd3 dxc4 10. Bxc4 b5 11. Bd3 Bb7 12. 0-0 a6 13. Rfd1 Rc8 14. a3 c5 15. dxc5 Rxc5 16. Qe2 Qa8 17. Rac1 Rfc8 18. Bb1 Nf8 19. Na2 Bd5 20. Rxc5 Rxc5 21. Nc3 Bb7 22. e4 g5 23. Bg3 Nh5 24. Nd4 Nxg3 25. hxg3 Bf6 26. f4 Bxd4+ 27. Rxd4 e5 28. Rd6 Rc6 29. Qd2 Qa7+ 30. Kh2 Qc5 31. Rd5 Qb6 32. Rxe5 Re6 33. Rf5 Rd6 34. Qe2 Bc8 35. Nd5 Qd8 36. Ne3 Bxf5 37. Nxf5 Rg6 38. Qh5 gxf4 39. Nxh6+ Kg7 40. Nf5+ Kg8 41. gxf4 Ne6 42. Nh6+ Kg7 43. Nf5+ Kg8 44. Qf3 Kf8 45. Qh5 Rxg2+ 46. Kh1 Qd2 47. Qh6+ Ke8 48. Nd6+ Qxd6 49. Qh8+ Kd7 50. Kxg2 Qd2+ 51. Kh3 Qe3+ 52. Kh2 Qf2+ 53. Kh3 Qf1+ 54. Kg3 Qxf4+ 55. Kg2 Qd2+ 56. Kh3 Qe3+ 57. Kh2 Qf2+ 58. Kh3 Qf1+ 59. Kg3 Qxb1 60. Qa8 Qd3+ 61. Kh2 Qd6+ 62. Kh1 Qd1+ 63. Kh2 Qc2+ 64. Kg3 Qd3+ 65. Kh2 Qe2+ 66. Kh1 Qf1+ 67. Kh2 Qf2+ 68. Kh1 Qh4+ 69. Kg1 Qg3+ 70. Kh1 Nf4 71. Qb7+ Ke8 72. Qc8+ Ke7 73. Qc7+ Kf8 74. Qd6+ Kg8 75. Qd2 Nh3 76. Qd8+ Kh7 0-1

[Event "Moscow op (Women)"]
[Site "Moscow"]
[Date "2009.02.03"]
[Round "4"]
[White "Savina, Anastasia"]
[Black "Kalmykova, Anastasia"]
[Result "1-0"]
[WhiteElo "2297"]
[BlackElo "2100"]
[PlyCount "77"]
[EventDate "2009.01.31"]
[EventType "swiss"]
[EventRounds "9"]
[EventCountry "RUS"]
[SourceTitle "EXT 2012"]
[Source "ChessBase"]
[SourceDate "2011.11.24"]
[SourceVersion "1"]
[SourceVersionDate "2011.11.24"]
[SourceQuality "1"]

1. d4 Nf6 2. c4 e6 3. Nc3 Bb4 4. Qc2 c5 5. dxc5 Bxc5 6. Nf3 Nc6 7. a3 a6 8. Bg5 0-0 9. Rd1 h6 10. Bh4 Be7 11. e4 Qa5 12. Be2 b5 13. cxb5 axb5 14. Bxb5 Na7 15. Be2 g5 16. Bg3 d5 17. 0-0 dxe4 18. Nxe4 Bb7 19. Nxf6+ Bxf6 20. Qd2 Qf5 21. Bd3 Qc5 22. Bd6 Qd5 23. Bxf8 Rxf8 24. Qe3 Qa5 25. b4 Qa4 26. Bb1 Kg7 27. Qd3 Rh8 28. Nd4 Bd5 29. Bc2 Qe8 30. Rfe1 Nc6 31. Nf5+ Kf8 32. Qxd5 exd5 33. Rxe8+ Kxe8 34. Ba4 Kd7 35. Rxd5+ Ke6 36. Bxc6 Rc8 37. b5 Be5 38. Bd7+ Kxd5 39. Bxc8 1-0

[Event "Moscow op (Women)"]
[Site "Moscow"]
[Date "2009.02.01"]
[Round "2"]
[White "Severiukhina, Zoja"]
[Black "Kalmykova, Anastasia"]
[Result "1-0"]
[WhiteElo "2327"]
[BlackElo "2100"]
[PlyCount "119"]
[EventDate "2009.01.31"]
[EventType "swiss"]
[EventRounds "9"]
[EventCountry "RUS"]
[SourceTitle "EXT 2012"]
[Source "ChessBase"]
[SourceDate "2011.11.24"]
[SourceVersion "1"]
[SourceVersionDate "2011.11.24"]
[SourceQuality "1"]

1. e4 c5 2. Nf3 d6 3. d4 cxd4 4. Nxd4 Nf6 5. Nc3 a6 6. Be3 e5 7. Nb3 Be7 8. f3 Be6 9. Qd2 0-0 10. 0-0-0 Qc7 11. g4 b5 12. g5 b4 13. Ne2 Nfd7 14. Kb1 Rc8 15. f4 Nb6 16. Bxb6 Qxb6 17. f5 Bxb3 18. axb3 Nd7 19. f6 gxf6 20. Bh3 f5 21. exf5 Rd8 22. f6 Bf8 23. Bf5 e4 24. Bxe4 Rac8 25. Qd3 h6 26. Qh3 Rc5 27. Rhg1 Kh8 28. Nf4 Re5 29. Bd5 Qe3 30. Qxe3 Rxe3 31. h4 Ne5 32. g6 fxg6 33. Nxg6+ Nxg6 34. Rxg6 Re5 35. c4 bxc3 36. bxc3 Re3 37. Rdg1 Kh7 38. h5 Rc8 39. Rg8 a5 40. R8g4 Rce8 41. Kc2 R8e5 42. Bc4 Rg5 43. Rxg5 hxg5 44. Rxg5 Rf3 45. Rg6 Rf5 46. Bg8+ Kh8 47. Be6 Rf2+ 48. Kd3 Kh7 49. Bg8+ Kh8 50. Bd5 Kh7 51. Be4 Kh8 52. h6 Rf4 53. h7 Kxh7 54. Rg4+ Rxe4 55. Kxe4 Bh6 56. Kd5 Bf8 57. Ke6 a4 58. bxa4 d5 59. a5 d4 60. cxd4 1-0

[Event "Bykova Memorial op (Women)"]
[Site "Vladimir"]
[Date "2008.12.19"]
[Round "9"]
[White "Kalmykova, Anastasia"]
[Black "Nikanova, Ekaterina"]
[Result "1/2-1/2"]
[WhiteElo "2094"]
[BlackElo "2028"]
[PlyCount "63"]
[EventDate "2008.12.10"]
[EventType "swiss"]
[EventRounds "9"]
[EventCountry "RUS"]
[SourceTitle "EXT 2010"]
[Source "ChessBase"]
[SourceDate "2010.11.25"]
[SourceVersion "1"]
[SourceVersionDate "2010.11.25"]
[SourceQuality "1"]

1. e4 c5 2. Nf3 d6 3. d4 cxd4 4. Nxd4 Nf6 5. Nc3 e6 6. Bg5 Be7 7. Qd2 a6 8. 0-0-0 Bd7 9. f4 Nc6 10. Nf3 h6 11. Bh4 Qc7 12. h3 b5 13. e5 dxe5 14. fxe5 Nd5 15. Nxd5 exd5 16. Bxe7 Nxe7 17. g4 Rc8 18. Bg2 Nc6 19. Kb1 Be6 20. Rhe1 a5 21. Re2 b4 22. Nd4 Nxd4 23. Qxd4 0-0 24. Red2 Rfd8 25. Re1 Qc4 26. Red1 Qc7 27. h4 Qc4 28. g5 hxg5 29. hxg5 Qxd4 30. Rxd4 Bf5 31. R1d2 Rc5 32. Bf1 1/2-1/2

[Event "Vladimir op-B"]
[Site "Vladimir"]
[Date "2008.08.22"]
[Round "10.16"]
[White "Kalmykova, Anastasia"]
[Black "Smagin, Nikita"]
[Result "1-0"]
[WhiteElo "2093"]
[BlackElo "2021"]
[PlyCount "65"]
[EventDate "2008.08.12"]
[EventType "swiss"]
[EventRounds "10"]
[EventCountry "RUS"]
[SourceTitle "EXT 2022"]
[Source "ChessBase"]
[SourceDate "2021.10.06"]
[SourceVersion "1"]
[SourceVersionDate "2021.10.06"]
[SourceQuality "1"]

1. c4 Nf6 2. Nc3 g6 3. g3 Bg7 4. Bg2 0-0 5. d4 d6 6. Nf3 Nc6 7. 0-0 Bf5 8. Nh4 Bd7 9. e4 e5 10. d5 Nd4 11. Ne2 Nxe2+ 12. Qxe2 a6 13. b4 Nh5 14. Rb1 Nf4 15. gxf4 Qxh4 16. fxe5 Bxe5 17. f4 Bd4+ 18. Be3 Bxe3+ 19. Qxe3 Rfe8 20. c5 Qe7 21. Rbe1 c6 22. cxd6 Qxd6 23. Qb6 Qb8 24. e5 cxd5 25. Bxd5 Be6 26. Rd1 Bxd5 27. Rxd5 Re6 28. Rd6 Re7 29. Rc1 Qa7 30. Rc8+ Kg7 31. Rxa8 Qxa8 32. Rd8 Re6 33. Qd4 1-0

[Event "Vladimir op-B"]
[Site "Vladimir"]
[Date "2008.08.20"]
[Round "8"]
[White "Kalmykova, Anastasia"]
[Black "Tomnikova, Lidia"]
[Result "1-0"]
[WhiteElo "2093"]
[BlackElo "1980"]
[PlyCount "113"]
[EventDate "2008.08.12"]
[EventType "swiss"]
[EventRounds "10"]
[EventCountry "RUS"]
[SourceTitle "CBM 126 Extra"]
[Source "ChessBase"]
[SourceDate "2008.11.05"]
[SourceVersion "1"]
[SourceVersionDate "2008.11.05"]
[SourceQuality "1"]

1. c4 e5 2. Nc3 c5 3. g3 Nc6 4. Bg2 g6 5. e3 Bg7 6. Nge2 Nge7 7. 0-0 d6 8. a3 0-0 9. Rb1 Be6 10. Nd5 Qd7 11. b4 cxb4 12. axb4 Rac8 13. Nec3 Bf5 14. e4 Bg4 15. Qa4 Nxd5 16. Nxd5 Be2 17. Re1 Bxc4 18. b5 Nd4 19. Bb2 Bd3 20. Bxd4 Bxb1 21. Be3 Bd3 22. Qxa7 Rb8 23. Rc1 Qxb5 24. Qa3 Qa6 25. Qb3 Qb5 26. Qa3 Qa6 27. Qb3 Qb5 28. Qa3 Ra8 29. Qc3 Qc4 30. Qxc4 Bxc4 31. Rxc4 Ra1+ 32. Bf1 Rfa8 33. Rb4 Re1 34. Rxb7 f5 35. Kg2 fxe4 36. Bc4 Kh8 37. Bg5 h6 38. Bf6 Rg8 39. Bxg7+ Rxg7 40. Rb8+ Rg8 41. Rxg8+ Kxg8 42. Nf6+ Kf8 43. Bd5 Ra1 44. Bxe4 Kf7 45. Ng4 Ra4 46. d3 Kg7 47. Ne3 Rd4 48. h4 Kf6 49. Nd5+ Ke6 50. Nc7+ Kd7 51. Nb5 Rb4 52. Nc3 Rb3 53. Nd5 Ke6 54. f4 exf4 55. Nxf4+ Kf6 56. Bxg6 Rb4 57. Nd5+ 1-0

[Event "Vladimir op-B"]
[Site "Vladimir"]
[Date "2008.08.13"]
[Round "2"]
[White "Zuykov, Andrei"]
[Black "Kalmykova, Anastasia"]
[Result "1-0"]
[WhiteElo "2296"]
[BlackElo "2093"]
[PlyCount "159"]
[EventDate "2008.08.12"]
[EventType "swiss"]
[EventRounds "10"]
[EventCountry "RUS"]
[SourceTitle "CBM 126 Extra"]
[Source "ChessBase"]
[SourceDate "2008.11.05"]
[SourceVersion "1"]
[SourceVersionDate "2008.11.05"]
[SourceQuality "1"]

1. e4 c5 2. Nf3 d6 3. d4 cxd4 4. Nxd4 Nf6 5. Nc3 a6 6. Be2 e5 7. Nb3 Be6 8. 0-0 Be7 9. f4 exf4 10. Bxf4 Nc6 11. Kh1 Ne5 12. Nd4 Qc7 13. Qe1 0-0 14. Qg3 b5 15. a3 Ng6 16. Bg5 Nd7 17. Bxe7 Nxe7 18. Nxe6 fxe6 19. Qh3 Rxf1+ 20. Rxf1 Nf8 21. Bg4 Qc4 22. Qf3 Neg6 23. Qf7+ Kh8 24. Be2 Qc6 25. h4 Qe8 26. Qxe8 Rxe8 27. h5 Ne5 28. Rd1 Rd8 29. a4 b4 30. Na2 a5 31. c3 bxc3 32. Nxc3 Nc6 33. Bc4 Nb4 34. b3 h6 35. Kg1 g6 36. hxg6 Kg7 37. Nb5 d5 38. exd5 exd5 39. Nc3 Nxg6 40. Bxd5 Nxd5 41. Rxd5 Rxd5 42. Nxd5 Ne5 43. b4 axb4 44. Nxb4 Nc4 45. Kf2 Kf6 46. Kf3 Ke5 47. g4 Nd2+ 48. Kg3 Ne4+ 49. Kh4 Kd4 50. a5 Kc5 51. a6 Kb6 52. Kh5 Nf6+ 53. Kh4 Ka7 54. Kg3 Ne4+ 55. Kf4 Nf2 56. Kf3 Nd1 57. Nc6+ Kxa6 58. Ne7 Nb2 59. Ng6 Nc4 60. Kf4 Nb6 61. Ke4 Nd7 62. Kf5 Nc5 63. Ne5 Kb7 64. Nf7 Kc7 65. Nxh6 Kd7 66. g5 Ke7 67. Ng8+ Kf7 68. Nf6 Kg7 69. g6 Kf8 70. Nh5 Kg8 71. Kf6 Nd7+ 72. Ke7 Ne5 73. g7 Nf3 74. Kf6 Nh4 75. Kg5 Nf3+ 76. Kf6 Nh4 77. Kg5 Nf3+ 78. Kh6 Ne5 79. Nf6+ Kf7 80. g8Q+ 1-0

[Event "RUS-ch (Women) 1st League 58th"]
[Site "Smolensk"]
[Date "2008.03.06"]
[Round "9"]
[White "Miloserdova, Irina"]
[Black "Kalmykova, Anastasia"]
[Result "0-1"]
[WhiteElo "2015"]
[BlackElo "2124"]
[PlyCount "105"]
[EventDate "2008.02.27"]
[EventType "swiss"]
[EventRounds "9"]
[EventCountry "RUS"]
[SourceTitle "CBM 123 Extra"]
[Source "ChessBase"]
[SourceDate "2008.05.06"]
[SourceVersion "1"]
[SourceVersionDate "2008.05.06"]
[SourceQuality "1"]

1. e4 e5 2. Nf3 Nc6 3. Bb5 Nge7 4. d4 exd4 5. Nxd4 g6 6. Nxc6 Nxc6 7. Bxc6 dxc6 8. Qxd8+ Kxd8 9. Nc3 Bg7 10. Bg5+ f6 11. 0-0-0+ Bd7 12. Bf4 Kc8 13. Rd3 Be6 14. Rhd1 b6 15. Ne2 Re8 16. Nd4 Bc4 17. Rc3 Rxe4 18. Rxc4 Rxf4 19. Rxc6 Bh6 20. Kb1 Kb7 21. Re6 Rd8 22. c3 Rxf2 23. Re7 Rxg2 24. Rde1 Rxh2 25. b4 Bd2 26. R1e6 Bxc3 27. Rc6 Rxd4 28. Rexc7+ Ka6 29. Rxc3 Rd1+ 30. Rc1 Rxc1+ 31. Rxc1 f5 32. Rc7 b5 33. Rf7 h5 34. Rf6+ Kb7 35. Rxg6 f4 36. Rf6 Rf2 37. Rh6 Rh2 38. Rf6 Rh4 39. Rf5 a6 40. Kc2 Kc6 41. Kd3 Kd6 42. Ke4 Ke6 43. Re5+ Kf6 44. Rf5+ Kg6 45. Rc5 Rg4 46. Rc6+ Kg5 47. Rxa6 h4 48. Rb6 h3 49. Rxb5+ Kh4 50. Rb8 h2 51. Rh8+ Kg3 52. Rxh2 Kxh2 53. Kf3 0-1

[Event "RUS-ch (Women) 1st League 58th"]
[Site "Smolensk"]
[Date "2008.03.03"]
[Round "6"]
[White "Kalmykova, Anastasia"]
[Black "Bezgodova, Maria"]
[Result "0-1"]
[WhiteElo "2124"]
[BlackElo "2050"]
[PlyCount "111"]
[EventDate "2008.02.27"]
[EventType "swiss"]
[EventRounds "9"]
[EventCountry "RUS"]
[SourceTitle "CBM 123 Extra"]
[Source "ChessBase"]
[SourceDate "2008.05.06"]
[SourceVersion "1"]
[SourceVersionDate "2008.05.06"]
[SourceQuality "1"]

1. c4 e5 2. Nc3 Nf6 3. g3 d6 4. Bg2 c6 5. d3 Nbd7 6. e3 Be7 7. Nge2 0-0 8. 0-0 Re8 9. d4 Qc7 10. b4 Nf8 11. Qb3 Ng6 12. b5 Bd7 13. a4 a5 14. f4 exd4 15. exd4 Bf5 16. Bb2 h5 17. Rae1 Rad8 18. d5 Qb6+ 19. Kh1 c5 20. Ng1 Bf8 21. Qd1 Qc7 22. Nh3 Ng4 23. Ne4 Qd7 24. Nhg5 h4 25. h3 Nh6 26. Qh5 Be7 27. g4 Bxg4 28. hxg4 Qxg4 29. Qxg4 Nxg4 30. Bh3 Bxg5 31. fxg5 N4e5 32. Bxe5 Rxe5 33. Kg2 Rde8 34. Kf3 Nf8 35. Rg1 Nh7 36. Re2 Nf8 37. Nc3 Ng6 38. Rge1 Kf8 39. Re4 R8e7 40. Rxe5 Nxe5+ 41. Kg2 Nxc4 42. Rxe7 Kxe7 43. Kf3 Ne5+ 44. Kf4 f6 45. gxf6+ Kxf6 46. Ne4+ Ke7 47. Nxc5 Ng6+ 48. Kg5 dxc5 49. Kxg6 c4 50. Bf5 c3 51. Kg5 h3 52. Kf4 h2 53. Be4 c2 54. Bxc2 h1Q 55. Ke3 Kd6 56. Kd4 0-1

[Event "RUS-ch (Women) 1st League 58th"]
[Site "Smolensk"]
[Date "2008.03.02"]
[Round "5"]
[White "Kuznetsova, Tatiana"]
[Black "Kalmykova, Anastasia"]
[Result "0-1"]
[WhiteElo "2051"]
[BlackElo "2124"]
[PlyCount "88"]
[EventDate "2008.02.27"]
[EventType "swiss"]
[EventRounds "9"]
[EventCountry "RUS"]
[SourceTitle "CBM 123 Extra"]
[Source "ChessBase"]
[SourceDate "2008.05.06"]
[SourceVersion "1"]
[SourceVersionDate "2008.05.06"]
[SourceQuality "1"]

1. e4 c5 2. Nf3 d6 3. Bb5+ Bd7 4. Bxd7+ Qxd7 5. c4 Nc6 6. d4 cxd4 7. Nxd4 g6 8. Nc3 Bg7 9. Be3 Nf6 10. f3 0-0 11. 0-0 Rac8 12. b3 Rfd8 13. Rc1 b6 14. Qd2 Nxd4 15. Bxd4 Qb7 16. Rfd1 Rd7 17. Qf2 Rcd8 18. Nd5 Nxd5 19. Bxg7 Kxg7 20. exd5 Rc8 21. Re1 Rdc7 22. Qd4+ f6 23. Re6 b5 24. Rce1 bxc4 25. bxc4 Kf7 26. Qh4 h5 27. Qf4 Rh8 28. c5 Rxc5 29. Rxe7+ Qxe7 30. Rxe7+ Kxe7 31. Qe4+ Kf7 32. Qe6+ Kg7 33. Qxd6 Rc1+ 34. Kf2 Rf8 35. Kg3 Rc2 36. a4 Rf7 37. Qb4 Re2 38. Qb5 Rd2 39. Qc6 h4+ 40. Kxh4 Rxg2 41. Kh3 Rg1 42. Qc2 f5 43. d6 f4 44. Qd3 Kf8 0-1

[Event "Moscow op-C 04th (Women)"]
[Site "Moscow"]
[Date "2008.02.03"]
[Round "2"]
[White "Kalmykova, Anastasia"]
[Black "Dogodkina, Julia"]
[Result "1-0"]
[WhiteElo "2124"]
[BlackElo "1917"]
[PlyCount "75"]
[EventDate "2008.02.02"]
[EventType "swiss"]
[EventRounds "9"]
[EventCountry "RUS"]
[SourceTitle "CBM 122 Extra"]
[Source "ChessBase"]
[SourceDate "2008.03.04"]
[SourceVersion "1"]
[SourceVersionDate "2008.03.04"]
[SourceQuality "1"]

1. e4 e6 2. c4 c5 3. Nc3 Nc6 4. g3 g6 5. Bg2 Bg7 6. Nge2 Nge7 7. 0-0 0-0 8. d3 Rb8 9. Be3 b6 10. Rb1 d6 11. a3 Bb7 12. f4 f5 13. b4 Qd7 14. d4 cxd4 15. Nxd4 e5 16. Nxc6 Qxc6 17. Qb3 Rf7 18. Rbd1 Rbf8 19. Rfe1 h6 20. Rd2 exf4 21. Bxf4 g5 22. Bxd6 f4 23. gxf4 gxf4 24. Bxe7 Rxe7 25. Nd5 Re6 26. Kh1 Kh8 27. Rf1 Qd7 28. Bh3 Qd6 29. Bxe6 Qxe6 30. Qf3 Be5 31. Rg1 Qf7 32. Rdg2 Bxd5 33. exd5 Bd4 34. Qh3 Qh7 35. Rg6 h5 36. R1g5 h4 37. Rg4 Bf6 38. Qf3 1-0

[Event "RUS-ch (Women) 1st League 57th"]
[Site "Obninsk"]
[Date "2007.03.01"]
[Round "6"]
[White "Girya, Olga"]
[Black "Kalmykova, Anastasia"]
[Result "1/2-1/2"]
[WhiteElo "2235"]
[BlackElo "2138"]
[PlyCount "58"]
[EventDate "2007.02.24"]
[EventType "swiss"]
[EventRounds "9"]
[EventCountry "RUS"]
[SourceTitle "EXT 2010"]
[Source "ChessBase"]
[SourceDate "2010.11.25"]
[SourceVersion "1"]
[SourceVersionDate "2010.11.25"]
[SourceQuality "1"]

1. e4 c5 2. Nc3 e6 3. Nge2 Nc6 4. d4 cxd4 5. Nxd4 a6 6. Be3 Qc7 7. Be2 Nf6 8. f4 Bb4 9. Bf3 d6 10. 0-0 Bxc3 11. bxc3 0-0 12. Nxc6 bxc6 13. Qd2 Bb7 14. Rab1 d5 15. e5 Nd7 16. c4 Rfb8 17. Be2 a5 18. Bd3 Ba6 19. Rxb8+ Qxb8 20. c3 Qc7 21. c5 Bxd3 22. Qxd3 Rb8 23. Bd4 g6 24. Qe3 Nf8 25. g4 Qe7 26. Qg3 Nd7 27. Qf2 Rb5 28. a4 Rb3 29. Kh1 Rb8 1/2-1/2

[Event "RUS-ch (Women) 1st League 57th"]
[Site "Obninsk"]
[Date "2007.02.27"]
[Round "4"]
[White "Bronnikova, Elizaveta"]
[Black "Kalmykova, Anastasia"]
[Result "1-0"]
[WhiteElo "2287"]
[BlackElo "2138"]
[PlyCount "77"]
[EventDate "2007.02.24"]
[EventType "swiss"]
[EventRounds "9"]
[EventCountry "RUS"]
[SourceTitle "EXT 2010"]
[Source "ChessBase"]
[SourceDate "2010.11.25"]
[SourceVersion "1"]
[SourceVersionDate "2010.11.25"]
[SourceQuality "1"]

1. e4 e5 2. Nf3 Nc6 3. Bb5 Nge7 4. 0-0 g6 5. Nc3 Bg7 6. Nd5 0-0 7. d3 Nxd5 8. exd5 Ne7 9. Bc4 d6 10. c3 f5 11. d4 e4 12. Ng5 h6 13. Nh3 g5 14. f4 g4 15. Nf2 Ng6 16. g3 h5 17. Be3 h4 18. Re1 Bd7 19. Be2 Bf6 20. Nxg4 fxg4 21. Bxg4 hxg3 22. hxg3 Rf7 23. Be6 Bxe6 24. dxe6 Rg7 25. Kf2 d5 26. Rh1 Nf8 27. Rh6 Rh7 28. Rxh7 Nxh7 29. Qh5 c6 30. Qf7+ Kh8 31. Rh1 Bg7 32. Qg6 Qg8 33. e7 Rc8 34. f5 c5 35. dxc5 Be5 36. Rxh7+ Qxh7 37. e8Q+ Rxe8 38. Qxe8+ Qg8 39. Qxe5+ 1-0